Statistics for Symphonie Fantastique Instruments

Click here to take the quiz!

General Stats

  • This quiz has been taken 23 times
  • The average score is 21 of 25

Answer Stats

Instruments% Correct
Clarinet
100%
Contrabass
100%
Flute
100%
Oboe
100%
Piccolo
100%
Tenor Trombone
100%
Trumpet
100%
Viola
100%
Violin
100%
Violoncello
100%
Bassoon
94%
Horn
94%
Timpani
94%
Bass Trombone
89%
English Horn
89%
Bass Drum
78%
Harp
78%
Snare Drum
78%
Cornet
67%
Cymbals
67%
Bells
61%
Alto Trombone
56%
Ophicleïde
56%
Serpent
44%
Sopranino Clarinet
39%

Score Distribution

Percentile by Number Answered

Percent of People with Each Score

Your Score History

You have not taken this quiz